[Event "PHI-ch U18"]
[Site "San Antonio"]
[Date "2014.04.22"]
[Round "3"]
[White "Christian, Nanola"]
[Black "Balbona, Felix Shaun"]
[Result "0-1"]
[WhiteElo "1993"]
[BlackElo "2136"]
[PlyCount "90"]
[EventDate "2014.04.21"]
[EventType "swiss"]
[EventRounds "13"]
[EventCountry "PHI"]
[SourceTitle "CBM 160 Extra"]
[Source "ChessBase"]
[SourceDate "2014.07.01"]
[SourceVersion "1"]
[SourceVersionDate "2014.07.01"]
[SourceQuality "1"]

1. d4 Nf6 2. c4 e6 3. Nc3 Bb4 4. Qb3 Nc6 5. Nf3 0-0 6. Bg5 Bxc3+ 7. Qxc3 a5 8. e3 d6 9. Bd3 Qe7 10. Rd1 e5 11. dxe5 dxe5 12. Bxf6 Qxf6 13. Be4 Bg4 14. 0-0 Rfe8 15. Qc2 g6 16. h3 Bxf3 17. Bxf3 Nb4 18. Qb1 Qb6 19. Rd7 c6 20. a3 Na6 21. b4 axb4 22. axb4 Rad8 23. Rxd8 Rxd8 24. b5 cxb5 25. Qxb5 Qxb5 26. cxb5 Nc5 27. b6 e4 28. Be2 Na4 29. Ra1 Nxb6 30. Rb1 Rd6 31. f3 exf3 32. Bxf3 Nc4 33. Rxb7 Nxe3 34. Kf2 Nf5 35. g4 Nd4 36. Be4 Ne6 37. Rb5 Kg7 38. Ke3 Ra6 39. Bc2 Rc6 40. Bd3 Rc3 41. Kd2 Ra3 42. Ke3 h6 43. h4 Kf6 44. h5 gxh5 45. Rxh5 Rxd3+ 0-1